[Event "Ruhrgebiet Verbandsliga Gruppe 1 1617"]
[Site "Germany"]
[Date "2016.11.27"]
[Round "4.3"]
[White "Bobzin, Pierre David"]
[Black "Boehm, Ingo"]
[Result "0-1"]
[WhiteElo "2049"]
[BlackElo "2043"]
[PlyCount "90"]
[EventDate "2016.09.04"]
[EventType "team-tourn"]
[EventRounds "9"]
[EventCountry "GER"]
[SourceTitle "EXT 2022"]
[Source "ChessBase"]
[SourceDate "2021.10.06"]
[SourceVersion "1"]
[SourceVersionDate "2021.10.06"]
[SourceQuality "1"]
[WhiteTeam "Holsterhausen SK"]
[BlackTeam "Bochum-Linden"]
[WhiteTeamCountry "GER"]
[BlackTeamCountry "GER"]

1. Nf3 g6 2. g3 Bg7 3. Bg2 d6 4. 0-0 Nc6 5. d3 e5 6. e4 f5 7. c3 Nf6 8. Bg5 h6 9. Bxf6 Qxf6 10. Nbd2 0-0 11. b4 f4 12. b5 Ne7 13. h3 h5 14. Nh2 Bd7 15. g4 Qf7 16. a4 a6 17. c4 Bf6 18. Qb3 Bc8 19. Qc2 Rd8 20. Nb1 c6 21. Nc3 Be6 22. Rfb1 axb5 23. axb5 Rxa1 24. Rxa1 Nc8 25. Ra8 Qc7 26. Qe2 Qf7 27. Qc2 Qc7 28. Qe2 Qf7 29. Qc2 Kg7 30. bxc6 bxc6 31. Qb3 Kh6 32. Qb8 Nb6 33. Qxb6 Rxa8 34. Qxc6 Ra1+ 35. Bf1 Qd7 36. Qxd7 Bxd7 37. Kg2 Bd8 38. Nd5 hxg4 39. hxg4 Ra2 40. Kf3 Bh4 41. Be2 Kg5 42. Ne7 Ba4 43. Nd5 Bd1 44. Nc3 Bxe2+ 45. Nxe2 Ra3 0-1

[Event "NRW Class2 1314"]
[Site "Germany"]
[Date "2014.04.06"]
[Round "8.6"]
[White "Bobzin, Pierre David"]
[Black "Haude, Ruediger"]
[Result "0-1"]
[WhiteElo "2067"]
[BlackElo "2030"]
[PlyCount "96"]
[EventDate "2013.09.15"]
[EventType "team-tourn"]
[EventRounds "9"]
[EventCountry "GER"]
[SourceTitle "EXT 2015"]
[Source "ChessBase"]
[SourceDate "2014.11.20"]
[SourceVersion "1"]
[SourceVersionDate "2014.11.20"]
[SourceQuality "1"]
[WhiteTeam "Holsterhausen"]
[BlackTeam "Letmathe"]
[WhiteTeamCountry "GER"]
[BlackTeamCountry "GER"]

1. Nf3 Nf6 2. g3 b6 3. Bg2 Bb7 4. 0-0 e6 5. d3 Be7 6. e4 d6 7. Nbd2 h6 8. Re1 Nbd7 9. a4 a5 10. Nc4 Nf8 11. e5 N6d7 12. d4 g5 13. Nxg5 Bxg2 14. Nxf7 Kxf7 15. Qh5+ Kg7 16. Kxg2 Qe8 17. Qe2 d5 18. Ne3 c5 19. c3 Qg6 20. f3 Bg5 21. Ng4 h5 22. Nf2 Nh7 23. f4 Be7 24. Be3 Raf8 25. Qb5 Qe8 26. Qe2 Qg6 27. Qb5 Rd8 28. Qe2 Rhf8 29. Rf1 Rf7 30. Rac1 c4 31. Rg1 Kh8 32. Rcf1 Rg8 33. Kh1 Rfg7 34. Rg2 Qf5 35. Rfg1 Nhf8 36. Qd2 Rh7 37. Qc1 Bd8 38. Qd2 Qf7 39. h3 Ng6 40. Nd1 Ne7 41. Bf2 Nf5 42. Ne3 Nf8 43. Rh2 Ng6 44. g4 hxg4 45. hxg4 Rxh2+ 46. Kxh2 Nxf4 47. Nxf5 Qh7+ 48. Kg3 Qh3+ 0-1

[Event "NRW Class2 1314"]
[Site "Germany"]
[Date "2013.12.08"]
[Round "4.6"]
[White "Bobzin, Pierre David"]
[Black "Kuckling, Hannah"]
[Result "1-0"]
[WhiteElo "2067"]
[BlackElo "1991"]
[PlyCount "85"]
[EventDate "2013.09.15"]
[EventType "team-tourn"]
[EventRounds "9"]
[EventCountry "GER"]
[SourceTitle "EXT 2015"]
[Source "ChessBase"]
[SourceDate "2014.11.20"]
[SourceVersion "1"]
[SourceVersionDate "2014.11.20"]
[SourceQuality "1"]
[WhiteTeam "Holsterhausen"]
[BlackTeam "Lippstadt Turm"]
[WhiteTeamCountry "GER"]
[BlackTeamCountry "GER"]

1. Nf3 Nf6 2. g3 g6 3. Bg2 Bg7 4. 0-0 0-0 5. d3 d6 6. Nbd2 c5 7. e4 Nc6 8. Re1 Qc7 9. a4 Rb8 10. Nc4 b6 11. e5 Ng4 12. exd6 exd6 13. Bf4 Nge5 14. Rb1 Bg4 15. h3 Bxf3 16. Bxf3 Nxf3+ 17. Qxf3 Nd4 18. Qg2 Rbd8 19. c3 Ne6 20. Bd2 d5 21. Na3 Qd7 22. b3 Rfe8 23. Nc2 b5 24. axb5 Qxb5 25. Qf3 Qd7 26. h4 Rb8 27. h5 Rb6 28. h6 Bh8 29. b4 Reb8 30. Re2 cxb4 31. Rxb4 Rxb4 32. Nxb4 d4 33. c4 a5 34. Nd5 a4 35. Nf6+ Bxf6 36. Qxf6 a3 37. Bf4 Rb1+ 38. Kh2 Qb7 39. Re4 a2 40. Qd8+ Nf8 41. Bd6 Qb8 42. Bxb8 Rxb8 43. Qf6 1-0

[Event "Ruhrgebiet Regionalliga 1213"]
[Site "Nordrheinwestfalen"]
[Date "2013.03.17"]
[Round "7.5"]
[White "Mikulski, Georg"]
[Black "Bobzin, Pierre David"]
[Result "1/2-1/2"]
[WhiteElo "1930"]
[BlackElo "2051"]
[PlyCount "37"]
[EventDate "2012.09.09"]
[EventType "team-tourn"]
[EventRounds "9"]
[EventCountry "GER"]
[SourceTitle "EXT 2020"]
[Source "ChessBase"]
[SourceDate "2019.10.17"]
[SourceVersion "1"]
[SourceVersionDate "2019.10.17"]
[SourceQuality "1"]
[WhiteTeam "Herne Sodingen II"]
[BlackTeam "Holsterhausen SK"]
[WhiteTeamCountry "GER"]
[BlackTeamCountry "GER"]

1. e4 c6 2. c4 e5 3. Nf3 d6 4. d4 Nd7 5. Nc3 Ngf6 6. Be2 Be7 7. 0-0 0-0 8. d5 Nc5 9. Qc2 cxd5 10. cxd5 a5 11. Be3 b6 12. Bxc5 bxc5 13. Nd2 Nd7 14. Na4 Nb6 15. Nxb6 Qxb6 16. Nc4 Qc7 17. Bd3 Ba6 18. b3 Bf6 19. Rae1 1/2-1/2

[Event "Ruhrgebiet Regionalliga 1112"]
[Site "Nordrheinwestfalen"]
[Date "2011.12.18"]
[Round "5.5"]
[White "Buschmann, Andreas"]
[Black "Bobzin, Pierre David"]
[Result "1-0"]
[WhiteElo "1998"]
[BlackElo "2034"]
[PlyCount "121"]
[EventDate "2011.09.25"]
[EventType "team-tourn"]
[EventRounds "9"]
[EventCountry "GER"]
[SourceTitle "EXT 2020"]
[Source "ChessBase"]
[SourceDate "2019.10.17"]
[SourceVersion "1"]
[SourceVersionDate "2019.10.17"]
[SourceQuality "1"]
[WhiteTeam "Horst Emscher"]
[BlackTeam "Holsterhausen SK"]
[WhiteTeamCountry "GER"]
[BlackTeamCountry "GER"]

1. d4 Nf6 2. c4 d6 3. Nc3 Nbd7 4. e4 e5 5. Nf3 g6 6. dxe5 dxe5 7. Bg5 Bg7 8. Qd2 h6 9. Bh4 g5 10. Bg3 Nh5 11. 0-0-0 Nxg3 12. hxg3 c6 13. Be2 Qe7 14. Ne1 Nc5 15. Nd3 Nxd3+ 16. Qxd3 Be6 17. Qe3 Qb4 18. a3 Qb3 19. Qc5 Qb6 20. Na4 Qxc5 21. Nxc5 Bc8 22. Kc2 b6 23. Nd3 a5 24. f4 f6 25. c5 b5 26. a4 Be6 27. axb5 cxb5 28. Nf2 Rb8 29. Rd6 Ke7 30. Ra6 a4 31. Ra7+ Kf8 32. fxe5 f5 33. exf5 Bb3+ 34. Kd2 Bxe5 35. Nd3 Rd8 36. c6 Bd4 37. Rb7 Bc4 38. Kc2 Kg8 39. Nc1 Bd5 40. Bxb5 Rc8 41. Bxa4 Bxc6 42. Bxc6 Rxc6+ 43. Kb3 Rh7 44. Rb8+ Kf7 45. Rd1 Kf6 46. Rxd4 Rxc1 47. g4 Ke5 48. Ra4 Rc5 49. Rb6 h5 50. gxh5 Rxh5 51. g4 Rh3+ 52. Ka2 Rf3 53. b3 Rc2+ 54. Ka3 Rff2 55. Re6+ Kd5 56. Ra5+ Kd4 57. f6 Ra2+ 58. Kb4 Rab2 59. Ree5 Kd3 60. Rf5 Rfe2 61. f7 1-0

[Event "Ruhrgebiet VL1 0910"]
[Site "Germany"]
[Date "2009.10.04"]
[Round "2.4"]
[White "Rueberg, Jobst"]
[Black "Bobzin, Pierre David"]
[Result "1/2-1/2"]
[WhiteElo "2171"]
[BlackElo "2196"]
[PlyCount "38"]
[EventDate "2009.09.06"]
[EventType "team-tourn"]
[EventRounds "9"]
[EventCountry "GER"]
[SourceTitle "EXT 2011"]
[Source "ChessBase"]
[SourceDate "2010.11.26"]
[SourceVersion "1"]
[SourceVersionDate "2010.11.26"]
[SourceQuality "1"]
[WhiteTeam "Ahlen"]
[BlackTeam "Holsterhausen"]
[WhiteTeamCountry "GER"]
[BlackTeamCountry "GER"]

1. e4 c6 2. d4 d5 3. exd5 cxd5 4. c4 Nf6 5. Nc3 g6 6. Qb3 Bg7 7. cxd5 0-0 8. Be2 Nbd7 9. Bf3 Nb6 10. Bf4 Bg4 11. Bxg4 Nxg4 12. Nf3 Nf6 13. d6 exd6 14. 0-0 h6 15. a4 Nh5 16. Be3 Qc8 17. Rac1 Qc4 18. Qa3 Qe6 19. b3 Nd5 1/2-1/2

[Event "Ruhrgebiet Regionalliga 0405"]
[Site "Ruhrgebiet"]
[Date "2005.03.20"]
[Round "8.4"]
[White "Woestmann, Ulrich"]
[Black "Bobzin, Pierre David"]
[Result "1-0"]
[WhiteElo "1996"]
[BlackElo "2189"]
[PlyCount "115"]
[EventDate "2004.09.19"]
[EventType "team"]
[EventRounds "9"]
[EventCountry "GER"]
[SourceTitle "EXT 2006"]
[Source "ChessBase"]
[SourceDate "2005.11.24"]
[SourceVersion "1"]
[SourceVersionDate "2005.11.24"]
[SourceQuality "1"]
[WhiteTeam "Berghofen Wambel"]
[BlackTeam "Holsterhausen"]
[WhiteTeamCountry "GER"]
[BlackTeamCountry "GER"]

1. e4 c6 2. d4 d5 3. exd5 cxd5 4. Nf3 Nf6 5. Bd3 g6 6. Bf4 Bg7 7. c3 0-0 8. Nbd2 Nc6 9. 0-0 a6 10. Ne5 Nh5 11. Nxc6 bxc6 12. Be3 Qd6 13. f4 Bh6 14. Qf3 Nf6 15. h3 Bf5 16. Bxf5 gxf5 17. g4 Ne4 18. gxf5 Nxd2 19. Bxd2 Kh8 20. Kh1 Rg8 21. Rg1 a5 22. Raf1 a4 23. Bc1 Rab8 24. Qh5 Qf6 25. Rg4 Rxg4 26. hxg4 Bg7 27. Kg2 Kg8 28. Qh3 e6 29. fxe6 fxe6 30. Qd3 Qh4 31. Qg3 Qxg3+ 32. Kxg3 Bf8 33. Kf3 c5 34. dxc5 Bxc5 35. Re1 Kf7 36. Rh1 Kg7 37. Re1 Kf7 38. Rh1 Kg7 39. Rh2 Bg1 40. Rg2 Bc5 41. Re2 Kf7 42. Be3 Bxe3 43. Kxe3 Rb7 44. Kd4 Kf6 45. Rh2 Kg6 46. Ke5 Rf7 47. Rf2 Re7 48. Rd2 h5 49. gxh5+ Kxh5 50. Rg2 Kh4 51. Kf6 Re8 52. Kf7 Rb8 53. Kxe6 Kh3 54. Rd2 Kg4 55. f5 Re8+ 56. Kd7 Re5 57. f6 Rf5 58. Ke6 1-0

[Event "Ruhrgebiet VL2 0001"]
[Site "Ruhrgebiet"]
[Date "2001.04.22"]
[Round "8"]
[White "Brockmann, Fabian"]
[Black "Bobzin, Pierre David"]
[Result "1/2-1/2"]
[WhiteElo "1970"]
[BlackElo "2147"]
[PlyCount "33"]
[EventDate "2000.09.17"]
[EventType "team-tourn"]
[EventRounds "9"]
[EventCountry "GER"]
[SourceTitle "EXT 2023"]
[Source "ChessBase"]
[SourceDate "2022.10.05"]
[SourceVersion "1"]
[SourceVersionDate "2022.10.05"]
[SourceQuality "1"]
[WhiteTeam "Dortmund Hansa III"]
[BlackTeam "Holsterhausen"]
[WhiteTeamCountry "GER"]
[BlackTeamCountry "GER"]

1. e4 c6 2. d4 d5 3. Nc3 dxe4 4. Nxe4 Nf6 5. Nxf6+ exf6 6. c3 Bd6 7. Bd3 0-0 8. Qc2 Re8+ 9. Ne2 g6 10. h4 Nd7 11. Bh6 Nf8 12. 0-0-0 Qa5 13. Kb1 Be6 14. Nc1 Qh5 15. Bd2 c5 16. dxc5 Bxc5 17. f3 1/2-1/2

[Event "Ruhrgebiet VL2 0001"]
[Site "Ruhrgebiet"]
[Date "2001.03.18"]
[Round "7"]
[White "Rupeter, Joerg"]
[Black "Bobzin, Pierre David"]
[Result "0-1"]
[WhiteElo "2130"]
[BlackElo "2147"]
[PlyCount "78"]
[EventDate "2000.09.17"]
[EventType "team-tourn"]
[EventRounds "9"]
[EventCountry "GER"]
[SourceTitle "EXT 2023"]
[Source "ChessBase"]
[SourceDate "2022.10.05"]
[SourceVersion "1"]
[SourceVersionDate "2022.10.05"]
[SourceQuality "1"]
[WhiteTeam "Hoentrop SG"]
[BlackTeam "Holsterhausen"]
[WhiteTeamCountry "GER"]
[BlackTeamCountry "GER"]

1. Nf3 Nf6 2. d4 d6 3. c4 Nbd7 4. Nc3 e5 5. e4 g6 6. Be2 Bg7 7. 0-0 0-0 8. Re1 Re8 9. Bf1 Qe7 10. Bg5 h6 11. Bh4 g5 12. Bg3 Nh5 13. dxe5 dxe5 14. Bxe5 Nxe5 15. Nxe5 Bxe5 16. Qxh5 Qf6 17. Rad1 Be6 18. Nd5 Bxd5 19. Rxd5 Bxb2 20. Rf5 Qg6 21. Qf3 Be5 22. c5 Kg7 23. Bc4 f6 24. g3 Rad8 25. Rd1 Rxd1+ 26. Qxd1 Re7 27. Qd5 Qe8 28. Qxb7 c6 29. Qb3 Qd7 30. Rf3 Qd4 31. Rd3 Qxe4 32. Rd8 f5 33. Bd3 Qe1+ 34. Kg2 Rf7 35. Qe6 Bc3 36. Qc8 Qe5 37. Rg8+ Kh7 38. Rd8 Kg7 39. Qxc6 Bd4 0-1